000 01000cam a2200277 4500
001 45615
003 BD-RjUL
005 20211209054037.0
008 160727s1973 nyua bs 00100 eng
035 _a(BD-RjUL)45733
035 _a1870081
040 _aANL
_beng
_dANL
_cBD-RjUL
041 _aeng
082 0 _a338.091724
_bBUS 1973
245 0 0 _aBusiness and developing countries :
_ba study of the role of private enterprise in economic development /
260 _a[New York] :
_bPraeger Publishers,
_c[1973]
300 _a121 p. :
_bill. ;
_c22 cm.
490 0 _aPraeger special studies in U.S. economic and social development
504 _aBibliography: p. 109-116.
650 0 _aInternational business enterprises.
_9139638
650 0 _aCorporations, Foreign
_zDeveloping countries.
_9139639
651 0 _aDeveloping countries
_xManufactures.
_9139640
942 _2ddc
_cBK
999 _c45615
_d45615